<?xml version="1.0" encoding="UTF-8"?>
<collection xmlns="http://www.loc.gov/MARC21/slim">
 <record>
  <leader>     na                 </leader>
  <controlfield tag="001">INLIS000000000000535</controlfield>
  <controlfield tag="005">20210408083359</controlfield>
  <controlfield tag="035">$a 0010-0421000002</controlfield>
  <controlfield tag="245">$a Wis mangsane dhemen produk bangsane dhewek /$c Yusmanto</controlfield>
  <controlfield tag="100">$a Yusmanto</controlfield>
  <controlfield tag="300">$a 42 hlm : $b ilus ; $c 18.5 x 26.5 cm</controlfield>
  <controlfield tag="260">$a Banyumas :$b Yayasan Carablaka,$c 2021</controlfield>
  <controlfield tag="082">$a 050</controlfield>
  <controlfield tag="084">$a 050 YUS w</controlfield>
  <controlfield tag="022">$a 2087-023x</controlfield>
  <controlfield tag="863">$a April</controlfield>
  <controlfield tag="990">$a MA007/2021</controlfield>
  <controlfield tag="990">$a MA008/2021</controlfield>
 </record>
</collection>
